000 00663nam a2200265Ia 4500
003 OSt
005 20221007103118.0
006 a|||||r|||| 00| 0
007 ta
008 221006b |||||||| |||| 00| 0 eng d
020 _a8180542130
024 _a12,265
037 _cTextual
040 _aLCO
_cLCO
_beng
041 _2eng
_aeng
082 _aZ2,3, P4
100 _aKapoor N.D.
245 0 _aElements of Mercantile Law
250 _a28th
260 _aNew
_bDelhi Sultan Chand & Sons India
_c2004
300 _a336+Xiv
650 _aMERCANTILE LAW
_9402489
942 _hZ2,3, P4
_cTEXL
999 _c1181828
_d1181828